000 00889nam a2200265Ia 4500
001 Z_4106
003 CHAP
008 220113s2001 xx 000 0 und d
010 _a167170
040 _cCHAP
090 _aTesis M 1591
100 _aMárquez García, Roberto Eli
_976312
245 _aAnálisis de indicadores y factores asociados a la productividad en granjas porcinas de ciclo completo /
_cpor Roberto Eli Márquez García
260 _aChapingo, Méx. :
_bEl autor,
_c2001
300 _a200 h.
502 _aTesis (Maestro en Ciencias Especialista en Producción Animal) -- UACH. Departamento de Zootecnia
650 _aGanado porcino
_xProducción
_945399
650 _aProcesamiento automático de datos en ganadería Ganado porcino
_xJalisco
_9141320
901 _aTESIS M 1591
902 _aM
910 _a2001
942 _c2
942 _c2
999 _c167170
_d167170